Normal view
MARC view
Entry Topical Term
001 - CONTROL NUMBER
- control field: 68942
003 - CONTROL NUMBER IDENTIFIER
- control field: OSt
005 - DATE AND TIME OF LATEST TRANSACTION
- control field: 20230109101702.0
008 - FIXED-LENGTH DATA ELEMENTS
- fixed length control field: 230109|| aca||aabn | a|a d
040 ## - CATALOGING SOURCE
- Original cataloging agency: OSt
- Transcribing agency: OSt
150 ## - HEADING--TOPICAL TERM
- Topical term or geographic name entry element: Dictionary
670 ## - SOURCE DATA FOUND
- Source citation: Work cat.: (OSt)76632: JOHNSON (Samuel) 68930, Dictionary of the English Language, 1909